Регионална библиотека "Любен Каравелов" - Русе

Тестови задачи по български език и литература за VІІ клас (Запис номер 76650)

MARC детайли
000 -Лидер
Контролно поле с фиксирана дължина 02746nam a2200457 c 4500
003 - Код на организацията, давaща контролен номер
Контролно поле BLK
005 - Дата и час на последна редакция
Контролно поле 20240604102314.0
008 - Елементи от данни с фиксирана дължина
fixed length control field 180408b bul|||||r ||||||| ||bul||
010 ## - Наследен системен номер
LC control number KNG00081086000
020 ## - Международен стандартен номер на книга ISBN
Международен стандартен номер на книга ISBN 978-954-01-1981-6
-- издат.: Просвета
040 ## - Източник на каталожния запис
Идентификатор на билиотеката - собственик на записа BLK
041 ## - Код за език
Код за езика на текст/звукозапис или на отделно заглавие Български
Код за езика КДБФ Български
080 ## - УДК
Текстов определител УДК Български език в основното училище. Методика на обучението
УДК код - определител по УДК 373.3.016:811.163.2
УДК определител (079)(075.2)
УДК - код + определител 373.3.016:811.163.2(079)(075.2)
080 ## - УДК
Текстов определител УДК Българска литература в основното училище. Методика на обучението
УДК код - определител по УДК 373.3.016:821.163.2
УДК определител (079)(075.2)
УДК - код + определител 373.3.016:821.163.2(079)(075.2)
100 1# - Редна дума - Автор
Автор Васева, Милена Петрова
Авторска отговорност първи автор
R(LIN) 364002
139 ## - Редно поле
Редна дума Тестови задачи по български език и литература за VІІ клас
Авторски знак Тер - Т 53
245 10 - Сведения за заглавието
Заглавие Тестови задачи по български език и литература за VІІ клас
Подзаглавни данни Помагало за кандидатстване след VІІ кл.
Редно поле (дума) Милена Петрова Васева; * Татяна Гаврилова Ангелова; * Боряна Методиева Николова; * Весела Василева Михайлова; * Йовка Великова Тишева; * Гергана Кирилова Дачева.
257 ## - Страна на издаване
Страна на създаване/издаване България
260 ## - Област на издателските данни
-- София
Име на издателя, разпространителя и проч. Просвета
Година на издаване 2007
Печатница София : Родина
300 ## - Физическа характеристика
Страници 72 с.
Размери/Мащаб 24 см
380 ## - Жанр
Жанр Обществени науки
500 ## - Общи забележки
Забележка Други авт. : Т. Ангелова, Б. Николова, Й. Тишщева, Г. Дачева. - Офс. изд.
650 #4 - Допълнително описание по предмет – тема
Основно описание – тема или топоним Български език - тестове и задачи - учебници за основни училища
9 (RLIN) 256979
650 #4 - Допълнително описание по предмет – тема
Основно описание – тема или топоним Българска литература - тестове - учебни помагала
9 (RLIN) 259739
653 ## - Ключова дума – ненормативна
Ключова дума български език
653 ## - Ключова дума – ненормативна
Ключова дума българска литература
653 ## - Ключова дума – ненормативна
Ключова дума тестови задачи
653 ## - Ключова дума – ненормативна
Ключова дума кандидат-гимназисти
653 ## - Ключова дума – ненормативна
Ключова дума учебни помагала
700 1# - Други автори (авторска отговорност)
Лично име Ангелова, Татяна Гаврилова
Автороска отговорност (Описва отношението между автора и произведението) *
9 (RLIN) 364575
700 1# - Други автори (авторска отговорност)
Лично име Николова, Боряна Методиева
Автороска отговорност (Описва отношението между автора и произведението) *
9 (RLIN) 297960
700 1# - Други автори (авторска отговорност)
Лично име Михайлова, Весела Василева
9 (RLIN) 97747
700 1# - Други автори (авторска отговорност)
Лично име Тишева, Йовка Великова
Автороска отговорност (Описва отношението между автора и произведението) *
9 (RLIN) 366283
700 1# - Други автори (авторска отговорност)
Лично име Дачева, Гергана Кирилова
Автороска отговорност (Описва отношението между автора и произведението) *
9 (RLIN) 371918
852 ## - Местоположение
Форматна сигнатура Цб 238087
856 4# - Електронен адрес и достъп
Електронен формат pdf - файл
Път до файла /url/
856 4# - Електронен адрес и достъп
Електронен формат pdf - файл
Път до файла /url/
942 ## - АРТИКУЛИ
Вид на библиотечния материал Книги
Скрит в OPAC Не
Koha issues (borrowed), all copies 1
944 ## - СЪЗДАВАНЕ И РЕДАКЦИЯ на ЗАПИСА
Създаване/Редакция Създаване
Дата на регистрацията/редакция 06.02.2008
Служител, извършил регистрацията/редакцията 30560
Статус, дата на статуса Геновева Генчева
944 ## - СЪЗДАВАНЕ И РЕДАКЦИЯ на ЗАПИСА
Създаване/Редакция Редакция
Дата на регистрацията/редакция 14.04.2008
Служител, извършил регистрацията/редакцията
999 ## - СИСТЕМНИ КОНТРОЛНИ НОМЕРА
Koha biblionumber 76650
Koha biblioitemnumber 76650
Наличности
Код за отписване Код за изгубен артикул Код за повреда Коз за рестрикции Код за отдаване Артикулен № Име на библиотеката - собственик Име на библиотеката, в която се намира в момента Статус (Текущо местоположение) Дата на вписване в системата Местоположение - отдел Цена в лева Инвентарен номер Систематично азбучна сигнатура Баркод Номер на екземпляра Цена в евро Служебна бележка Служебен тип на артикула Източник на класификационната схема
  Не е изгубен Не е повреден без рестрикции ползва се в читалня 124436 Регионална библиотека "Любен Каравелов" Русе Регионална библиотека "Любен Каравелов" Русе Хранилище 2008-02-04 Хранилище 2.90 120000722981 Цб 238087 120000722981 1 1.48 Дост: Dp Вид: Д N: 43 Дата: 04.10.2007 Книги  
Изтеглен Не е изгубен Не е повреден без рестрикции заемане за дома 124437 Регионална библиотека "Любен Каравелов" Русе Регионална библиотека "Любен Каравелов" Русе Детски отдел 2008-04-07 Детски отдел 2.90 120000725275 ДН 372.88/Т 53 120000725275 2 1.48 Дост: Pk Вид: Ф N: 2103 Дата: 03.04.2008 Дата инв: 24.08.2015 Бележки инв: Д2015 Книги Universal Decimal Classification
Изтеглен Не е изгубен Не е повреден без рестрикции заемане за дома 124438 Регионална библиотека "Любен Каравелов" Русе Регионална библиотека "Любен Каравелов" Русе Детски отдел 2008-04-07 Детски отдел 2.90 120000725276 ДН 372.88/Т 53 120000725276 3 1.48 Дост: Pk Вид: Ф N: 2103 Дата: 03.04.2008 Дата инв: 21.08.2015 Бележки инв: Д2015 Книги  
Vip Innovations Ltd, Rousse, Bulgaria 2025